Nguyễn Hiếu Lê con người và tác phẩm
Sách tập hợp một số bài viết nói về con người và tác phẩm của nhà văn Nguyễn Hiếu Lê đã đăng hoặc chưa đăng trên các sách báo.
Đã lưu trong:
| 格式: | 图书 |
|---|---|
| 语言: | Vietnamese |
| 出版: |
Tp. Hồ Chí Minh
Tổng hợp TP Hồ Chí Minh
2018
|
| 主题: | |
| 标签: |
添加标签
没有标签, 成为第一个标记此记录!
|
| Thư viện lưu trữ: | Thư viện Trường Đại học Nam Cần Thơ |
|---|
| LEADER | 00945nam a22001817a 4500 | ||
|---|---|---|---|
| 001 | NCT_59046 | ||
| 008 | 190213b xxu||||| |||| 00| 0 vie d | ||
| 999 | |c 2865 |d 2865 | ||
| 020 | |a 9786045880166 |c 78000 | ||
| 082 | 0 | 4 | |2 23rd ed. |a 895.922334 |b Ng527H |
| 245 | 0 | 0 | |a Nguyễn Hiếu Lê con người và tác phẩm |c Nhiều tác giả |
| 260 | |a Tp. Hồ Chí Minh |b Tổng hợp TP Hồ Chí Minh |c 2018 | ||
| 300 | |a 239 tr. |c 21cm | ||
| 520 | 3 | |a Sách tập hợp một số bài viết nói về con người và tác phẩm của nhà văn Nguyễn Hiếu Lê đã đăng hoặc chưa đăng trên các sách báo. | |
| 653 | |a Sách tham khảo | ||
| 942 | |2 ddc |c BK | ||
| 952 | |0 0 |1 0 |2 ddc |4 0 |6 895_922334000000000_NG527H |7 0 |9 15419 |a 000001 |b 000001 |d 2019-02-13 |o 895.922334 Ng527H |p TK.01301 |r 2019-02-13 |v 78000.00 |w 2019-02-13 |y BK | ||
| 980 | |a Thư viện Trường Đại học Nam Cần Thơ | ||


